000 00932nam a22002175i 4500
001 177894
003 ES-MaACL
005 20250929063256.0
008 110505s1941 sp |||| | spa d
080 _a343.2(450)(091)
100 1 _aSánchez Tejerina, Isaías,
_d1892-1959
_9102947
245 1 4 _aLos grandes penalistas italianos
_b: conferencia pronunciada el día 20 de marzo de 1941 en la apertura de cursos de la sección de Salamanca /
_cpor Isaías Sánchez-Tejerina.
260 _aMadrid :
_bIstituto Italiano di Cultura in Ispagna,
_c1941.
300 _a8 p. ;
_c25 cm.
490 1 _aQuaderni dell'Istituto Italiano di Cultura in Spagna ;
_v1
650 7 _aDerecho penal-
_zItalia
_2
_9155394
710 0 _aIstituto Italiano di Cultura (Madrid)
_95298
830 0 _aQuaderni dell'Istituto Italiano di Cultura in Spagna ;
_v1
_9190645
852 _aES-MaACL
_j2289-F-8
_xOlim P-914
999 _c177894
_d177894